000 00752nam a2200205Ii 4500
003 JO-AjNU
008 230605s9999||||xx |||||||||||||| ||und||
017 _a1986/1089
040 _aJO-AjNU
_bara
_erda
_cJO-AjNU
041 _aara
050 1 4 _aHD9560.5.S2588.1987
100 3 _aالسماك،محمد ازهر سعيد,
_eauthor
_919584
245 0 0 _aاقتصاد النفط والسياسة النفطية اسس وتطبيقات
264 3 1 _aالموصل:جامعة الموصل،1987
300 _a544ص
_bيحتوي على جداول ومصطلحات علمية
336 _atext
_btxt
_2rdacontent
337 _aunmediated
_bn
_2rdamedia
338 _avolume
_bnc
_2rdacarrier
650 4 _aالبترول- جوانب اقتصادية
_919585
999 _aA6488
_c10056
_d10056